|
|
|
|
| LEADER |
00000nnm a2200000 i 4500 |
| 001 |
dolg22103 |
| 005 |
20190829144408.0 |
| 008 |
190516suuuu hu o 000 hun d |
| 040 |
|
|
|a BGE Dolgozattár Repozitórium
|b hun
|
| 041 |
|
|
|a hu
|
| 100 |
1 |
|
|a Fejér Dominika
|
| 245 |
1 |
0 |
|a Magyarország egészségturizmusának bemutatása a Danubius Health Spa Resort Margitsziget szolgáltatásain keresztül
|c Fejér Dominika
|h [elektronikus dokumentum]
|
| 516 |
|
|
|a Project_work
|
| 695 |
|
|
|a Egészségturizmus
|
| 695 |
|
|
|a Danubius Health Spa Resort Margitsziget
|
| 700 |
1 |
|
|a Nagy Dr. Adrienne
|e ths
|
| 856 |
4 |
0 |
|u http://dolgozattar.uni-bge.hu/22103/1/Projektmunka%20FD2019FOSZK.k..pdf
|z Dokumentum-elérés
|